000 00653nam a2200241Ia 4500
003 OSt
005 20220924131754.0
006 a|||||r|||| 00| 0
007 ta
008 220923b |||||||| |||| 00| 0 tel d
024 _a339757
037 _cTextual
040 _aARTS
_cARTS
_btel
041 _2tel
_atel
082 _aO35,3N291x, J5
100 _aMahidhar Kumar Au.
_9202841
245 0 _aKatha Vahini
260 _aVijayawada
_bAdarsa Grantha Mandali India
_c1955
300 _a96p.
_ccm.
650 _aTELUGU LITERATURE
942 _hO35,3N291x, J5
_cTEXL
_2CC
999 _c428158
_d428158